Aleja Gwiazd (Lp Sx 2523) (Record n. 99739)

Dettagli MARC
000 -LEADER
fixed length control field 02567njm a2200433Ia 4500
001 - CONTROL NUMBER
control field 72895
003 - CONTROL NUMBER IDENTIFIER
control field IT-RoPAU
005 - DATE AND TIME OF LATEST TRANSACTION
control field 20220918181120.0
008 - FIXED-LENGTH DATA ELEMENTS--GENERAL INFORMATION
fixed length control field 131025s9999 xx 000 0 und d
040 ## - CATALOGING SOURCE
Original cataloging agency IT-RoPAU
040 ## - CATALOGING SOURCE
Transcribing agency IT-RoPAU
041 ## - LANGUAGE CODE
Language code of text/sound track or separate title POLACCO
999 ## - SYSTEM CONTROL NUMBERS (KOHA)
Koha Dewey Subclass [OBSOLETE] n.d.
100 ## - MAIN ENTRY--PERSONAL NAME
Personal name AA.VV.
9 (RLIN) 794
100 ## - MAIN ENTRY--PERSONAL NAME
Relator term Autore musica
9 (RLIN) 24571
100 ## - MAIN ENTRY--PERSONAL NAME
Miscellaneous information Codice autore musica SPICS: 12000
9 (RLIN) 796
245 ## - TITLE STATEMENT
Title Aleja Gwiazd (Lp Sx 2523)
250 ## - EDITION STATEMENT
Edition statement 1a ed.
260 ## - PUBLICATION, DISTRIBUTION, ETC. (IMPRINT)
Place of publication, distribution, etc. POLONIA
260 ## - PUBLICATION, DISTRIBUTION, ETC. (IMPRINT)
Name of publisher, distributor, etc. MUZA
Date of publication, distribution, etc. 1987 [1a Ed.:1987 - Ed. Lingua Orig.: 1987]
300 ## - PHYSICAL DESCRIPTION
Extent DISCO
500 ## - GENERAL NOTE
General note Musica polacca. I viali delle stelle
505 ## - FORMATTED CONTENTS NOTE
Formatted contents note Aleja Gwiazd (I viali delle stelle) - Dziwny Kraj (Strano paese) - Nim Wexizmierz Mnie W Ramiona (Prima di abbracciarmi) - Milosc I Gniew (L'amore e la rabbia) - Swiat Jest Hojny (Il mondo è generoso) - Czlowiek Nie Jest Sam (Nessun uomo è solo) - Moje Sentymenty (I miei sentimenti) - W Kolorze Krwi (Nel colore di sangue) - Letnia Milosc (Amore estivo) - Cinema
650 ## - SUBJECT ADDED ENTRY--TOPICAL TERM
Topical term or geographic name as entry element MUSICA POLACCA [DISCHI]
Relator term Codice MATERIA SPICS: 9950
9 (RLIN) 24572
700 ## - ADDED ENTRY--PERSONAL NAME
Personal name Sosnicka Zdzislawa
Miscellaneous information Codice interprete SPICS: 25217
Relator term Interprete
9 (RLIN) 24573
700 ## - ADDED ENTRY--PERSONAL NAME
Personal name Lipko Romuald
Miscellaneous information Codice autore musica SPICS: 25063
Relator term Autore musica
Name of part/section of a work Aleja Gwiazd
9 (RLIN) 24574
700 ## - ADDED ENTRY--PERSONAL NAME
Personal name Dutkiewicz M.
Miscellaneous information Codice autore SPICS: 25181
Relator term Autore
Name of part/section of a work Aleja Gwiazd - W Kolorze Krwi
9 (RLIN) 24575
700 ## - ADDED ENTRY--PERSONAL NAME
Personal name Trzcinski W.
Miscellaneous information Codice autore musica SPICS: 23061
Relator term Autore musica
Name of part/section of a work Dziwny Kraj
9 (RLIN) 24576
700 ## - ADDED ENTRY--PERSONAL NAME
Personal name Cygan Jacek
Miscellaneous information Codice autore SPICS: 21358
Relator term Autore
Name of part/section of a work Dziwny Kraj - Nim Wexizmierz Mnie W Ramiona - Milosc I Gniew - Swiat Jest Hojny - Czlowiek Nie Jest Sam - Moje Sentymenty - Letnia Milosc - Cinema
9 (RLIN) 24577
700 ## - ADDED ENTRY--PERSONAL NAME
Personal name Stefankiewicz M.
Miscellaneous information Codice autore musica SPICS: 25054
Relator term Autore musica
Name of part/section of a work Nim Wexizmierz Mnie W Ramiona
9 (RLIN) 24578
700 ## - ADDED ENTRY--PERSONAL NAME
Personal name Maliszewski Aleksander
Miscellaneous information Codice autore musica SPICS: 23058
Relator term Autore musica
Name of part/section of a work Milosc I Gniew
9 (RLIN) 24579
700 ## - ADDED ENTRY--PERSONAL NAME
Personal name Hudaszek R.
Miscellaneous information Codice autore musica SPICS: 25055
Relator term Autore musica
Name of part/section of a work Swiat Jest Hojny
9 (RLIN) 24580
700 ## - ADDED ENTRY--PERSONAL NAME
Personal name Trzcinski W.
Miscellaneous information Codice autore musica SPICS: 23061
Relator term Autore musica
Name of part/section of a work Czlowiek Nie Jest Sam
9 (RLIN) 24581
700 ## - ADDED ENTRY--PERSONAL NAME
Personal name Debski Krzesimir
Miscellaneous information Codice autore musica SPICS: 21359
Relator term Autore musica
Name of part/section of a work Moje Sentymenty
9 (RLIN) 24582
700 ## - ADDED ENTRY--PERSONAL NAME
Personal name Lipko Romuald
Miscellaneous information Codice autore musica SPICS: 25063
Relator term Autore musica
Name of part/section of a work W Kolorze Krwi
9 (RLIN) 24583
700 ## - ADDED ENTRY--PERSONAL NAME
Personal name Krajewski Seweryn
Miscellaneous information Codice autore musica SPICS: 23056
Relator term Autore musica
Name of part/section of a work Letnia Milosc
9 (RLIN) 24584
700 ## - ADDED ENTRY--PERSONAL NAME
Personal name Sygitowicz R.
Miscellaneous information Codice autore musica SPICS: 25056
Relator term Autore musica
Name of part/section of a work Cinema
9 (RLIN) 24585
942 ## - ADDED ENTRY ELEMENTS (KOHA)
Koha item type DISCHI
Source of classification or shelving scheme Dewey Decimal Classification
Dati di copia
Withdrawn status Lost status Damaged status Not for loan Home library Current library Date acquired Total Checkouts Full call number Date last seen Price effective from Koha item type Public note
    Buone Condizioni Not For Loan SPICS-MEDIATECA SPICS-MEDIATECA 25/10/2013   72895 25/10/2013 25/10/2013 DISCHI Progr. Ins.: 17414 / N.Vol.: 1 / Copie: 1 - Copia rara: n.d. / date import: 01.01.2014 - By Epidotti, Trombetti, Vaglietti
CREDITS: SOCIETA' SAN PAOLO Via A.Severo, 58 - ROMA (RM) & PERIODICI SAN PAOLO SRL Via Giotto, 36 MILANO & CISF Via Giotto, 36 MILANO & EDIZIONI SAN PAOLO SRL,  Piazza Soncino, 5 CINISELLO BALSAMO (MI) -- ITALY